La Lima de ayer y hoy : (Registro nro. 5067)
[ vista simple ]
| 000 -LEADER | |
|---|---|
| fixed length control field | 01407nam a22002537a 4500 |
| 003 - CONTROL NUMBER IDENTIFIER | |
| control field | PE SENCICO BE |
| 005 - DATE AND TIME OF LATEST TRANSACTION | |
| control field | 20251020182710.0 |
| 008 - FIXED-LENGTH DATA ELEMENTS--GENERAL INFORMATION | |
| fixed length control field | 250120b |||||||| |||| 00| 0 eng d |
| 020 ## - INTERNATIONAL STANDARD BOOK NUMBER | |
| International Standard Book Number | 978-606-45136-0-0 |
| 040 ## - CATALOGING SOURCE | |
| Original cataloging agency | PE SENCICO BE |
| Transcribing agency | PE SENCICO BE |
| 041 ## - LANGUAGE CODE | |
| Language code of text/sound track or separate title | spa |
| 082 ## - DEWEY DECIMAL CLASSIFICATION NUMBER | |
| Classification number | 770.98525 |
| Item number | O74 |
| 100 1# - MAIN ENTRY--PERSONAL NAME | |
| 9 (RLIN) | 2848 |
| Personal name | Ortiz Sotelo, Jorge |
| Relator term | autor |
| 245 1# - TITLE STATEMENT | |
| Title | La Lima de ayer y hoy : |
| Remainder of title | en base a la colección de la Casa Baselli / |
| Statement of responsibility, etc. | Jorge Ortiz Sotelo |
| 250 ## - EDITION STATEMENT | |
| Edition statement | [1a ed.] |
| 260 ## - PUBLICATION, DISTRIBUTION, ETC. | |
| Place of publication, distribution, etc. | Lima : |
| Name of publisher, distributor, etc. | Cálidda ; |
| Date of publication, distribution, etc. | 2007 |
| 300 ## - PHYSICAL DESCRIPTION | |
| Extent | 259 páginas : |
| Other physical details | ilustraciones, láminas ; |
| Dimensions | 23 cm. |
| 520 3# - SUMMARY, ETC. | |
| Summary, etc. | La colección corresponde a una serie de postales impresas por la Casa Baselli hacia fines de la década de 1920, elaboradas en base a la fotografías de Lima, Callao y algunos pueblos cercanos tomadas por los hermanos Avilés. Para complementar esta colección se han añadido algunas postales posteriores de la propia Casa Baselli asi como imágenes de archivo y tomas fotográficas efectuadas especialmente para este libro, de modo tal de presentar en forma gráfica algunas etapas de la historia de la ciudad de Lima y de cinco de sus distritos: Pueblo Libre, Magdalena del Mar, San Miguel, Surco y Jesús María, asi como del Callao |
| 650 10 - SUBJECT ADDED ENTRY--TOPICAL TERM | |
| 9 (RLIN) | 584 |
| Topical term or geographic name entry element | Fotografías |
| 650 20 - SUBJECT ADDED ENTRY--TOPICAL TERM | |
| 9 (RLIN) | 707 |
| Topical term or geographic name entry element | Historia |
| 651 10 - SUBJECT ADDED ENTRY--GEOGRAPHIC NAME | |
| 9 (RLIN) | 1382 |
| Geographic name | Lima (Perú : Departamento) |
| 910 ## - USER-OPTION DATA (OCLC) | |
| User-option data | hfp |
| -- | hfp |
| -- | hfp |
| 942 ## - ADDED ENTRY ELEMENTS (KOHA) | |
| Source of classification or shelving scheme | Dewey Decimal Classification |
| Koha item type | Libros |
| Fecha de la última vez que lo usaron | Pago total | Signatura topográfica completa | Código de barras | Precio efectivo desde | Tipo de documento | Estado perdido | Sistema de clasificación | Estado dañado | No es para préstamo | Retirado | Ubicación permanente | Ubicación actual | Fecha de adquisición | Fuente de adquisición |
|---|---|---|---|---|---|---|---|---|---|---|---|---|---|---|
| 20/01/2025 | 770.98525/O74 | BibLima25010034 | 20/01/2025 | Libros | Dewey Decimal Classification | Biblioteca Central Lima | Biblioteca Central Lima | 18/11/2024 | Comprado de la librería Megabook |